Online
Catalog

Cuantificación y confiabilidad de la producción langostera de la República Dominicana. (Record no. 31093)

MARC details
000 -CABECERA
campo de control de longitud fija 00700nam a2200205 a 4500
001 - NÚMERO DE CONTROL
campo de control 000031601
005 - FECHA Y HORA DE LA ÚLTIMA TRANSACCIÓN
campo de control 20200930063039.0
008 - DATOS DE LONGITUD FIJA--INFORMACIÓN GENERAL
campo de control de longitud fija 110628q1980 dr ab 000 | spa d
040 ## - FUENTE DE LA CATALOGACIÓN
Centro catalogador/agencia de origen DO-SdBNP
Lengua de catalogación spa
Centro/agencia transcriptor BNPHU
082 ## - NÚMERO DE LA CLASIFICACIÓN DECIMAL DEWEY
Número de clasificación xxx
Número de documento/Ítem G268c
049 ## - FONDOS LOCALES (OCLC)
Fondos de biblioteca BNPD
100 1# - ENTRADA PRINCIPAL--NOMBRE DE PERSONA
Nombre de persona Gaugé, Gérard
9 (RLIN) 57927
245 10 - MENCIÓN DE TÍTULO
Título Cuantificación y confiabilidad de la producción langostera de la República Dominicana.
260 ## - PUBLICACIÓN, DISTRIBUCIÓN, ETC.
Lugar de publicación, distribución, etc. Santo Domingo :
Nombre del editor, distribuidor, etc. INDOTEC-CENICIT,
Fecha de publicación, distribución, etc. [1980].
300 ## - DESCRIPCIÓN FÍSICA
Extensión 39 p. :
Otras características físicas il., mapas ;
Dimensiones 21 cm.
490 1# - MENCIÓN DE SERIE
Mención de serie Monografías
Designación de volumen o secuencia 3
500 ## - NOTA GENERAL
Nota general Incluye notas al pie de las páginas.
710 2# - PUNTO DE ACCESO ADICIONAL--NOMBRE DE ENTIDAD CORPORATIVA
Nombre de entidad corporativa o nombre de jurisdicción como elemento de entrada Instituto Dominicano de Tecnología Industrial (INDOTEC)
9 (RLIN) 53382
830 #0 - PUNTO DE ACCESO ADICIONAL DE SERIE-TÍTULO UNIFORME
Título uniforme Monografías;
Número de parte o sección de la obra 3
9 (RLIN) 57928
Holdings
Estado de retiro Estado de pérdida No para préstamo Código de colección Localización permanente Ubicación/localización actual Ubicación en estantería Fecha de adquisición Número de inventario Total de préstamos Signatura topográfica completa Código de barras Fecha visto por última vez Precio válido a partir de Tipo de ítem Koha Número de copia Restricciones de uso
    Excluido de préstamo Patrimonio Dominicano Patrimonio Dominicano Patrimonio Dominicano En catalogación 28.06.2011 LF1   xxx G268c 31601-10 25.06.2020 25.06.2020 Libro y Folleto Colección Patrimonio Dominicano    
    Excluido de préstamo Patrimonio Dominicano Patrimonio Dominicano Patrimonio Dominicano En catalogación 28.06.2011 LF1   xxx G268c 31601-20 25.06.2020 25.06.2020 Libro y Folleto Colección Patrimonio Dominicano e.2  
      Dominicana de Servicio Patrimonio Dominicano Patrimonio Dominicano En catalogación 03.07.2013 LF1   xxx G268c 31601-30 25.06.2020 25.06.2020 Libro y Folleto Colección Dominicana de Servicio e. 3  
      Dominicana de Servicio Patrimonio Dominicano Patrimonio Dominicano En catalogación 15.07.2013 LF1   xxx G268c 31601-40 25.06.2020 25.06.2020 Libro y Folleto Colección Dominicana de Servicio e. 4  
      Dominicana de Servicio Patrimonio Dominicano Patrimonio Dominicano En catalogación 15.07.2013 LF1   xxx G268c 31601-50 25.06.2020 25.06.2020 Libro y Folleto Colección Dominicana de Servicio e. 5  

Powered by Koha